Home matters (Record no. 23000)
[ view plain ]
| 000 -LEADER | |
|---|---|
| fixed length control field | 01808nam a2200421Ia 4500 |
| 100 1# - MAIN ENTRY--AUTHOR NAME | |
| Personal name | Rubenstein, Roberta, |
| 245 10 - TITLE STATEMENT | |
| Title | Home matters |
| 260 ## - PUBLICATION, DISTRIBUTION, ETC. (IMPRINT) | |
| Place of publication | New York : |
| Name of publisher | Palgrave, |
| Year of publication | 2001. |
| 300 ## - PHYSICAL DESCRIPTION | |
| Number of Pages | 210 p. |
| 650 #0 - SUBJECT ADDED ENTRY--TOPICAL TERM | |
| Topical Term | American fiction |
| Topical Term | Domestic fiction, American |
| Topical Term | Women and literature |
| Topical Term | Women and literature |
| Topical Term | American fiction |
| Topical Term | English fiction |
| Topical Term | English fiction |
| Topical Term | Domestic fiction, English |
| Topical Term | Nostalgia in literature. |
| Topical Term | Desire in literature. |
| Topical Term | Grief in literature. |
| Topical Term | Home in literature. |
| 856 40 - ELECTRONIC LOCATION AND ACCESS | |
| Uniform Resource Identifier | http://site.ebrary.com/lib/rucke/Doc?id=10023004 |
No items available.
